Hipercargas do Brawl Stars - Statistics

Estatísticas Gerais
  • Esse quiz foi jogado 181 vezes
    157 desde o último reset
  • A pontuação média é 7 de 24
Estatísticas das Respostas
Brawler Hipercarga % Correto
Shelly Cano Duplo
86%
Leon Limbo
45%
Dynamike Boomer
42%
Jessie Lata-Velha 2.0
42%
Edgar Explosão
35%
Colt Empunhadura Dupla
33%
Jacky Terremoto
32%
Buzz Buzzwatch
31%
Bull Mandíbula de Aço
28%
El Primo Salto Gravitacional
28%
Fang Chute do Dragão
27%
Colette Espírito Rebelde
27%
Sprout Espinhos
25%
Rosa Raízes Firmes
24%
Spike Florescência
21%
Bibi Fora do Limite
21%
Maisie Consequências
20%
Corvo Adaga Multiúso
19%
Charlie Infestação
19%
Pearl Pirolítica
19%
Mico Checagem de Som
18%
Cordelius Escuridão Total
16%
Belle Mira Certa
16%
Lou Tempestade de Gelo
16%
Nenhum quiz correspondente encontrado
Distribuição das Pontuações
Porcentagem de Pessoas com Cada Pontuação
Percentil de Números Respondidos
Sua Pontuação Histórica
Você não jogou esse quiz desde o último reset